[Event "Ankara op 02"]
[Site "Ankara"]
[Date "2020.02.16"]
[Round "5"]
[White "Ugur, Cem"]
[Black "Ergani, Efe"]
[Result "0-1"]
[WhiteElo "1703"]
[BlackElo "1702"]
[PlyCount "49"]
[EventDate "2020.02.14"]
[EventType "swiss"]
[EventRounds "7"]
[EventCountry "TUR"]
[SourceTitle "CBM 195 Extra"]
[Source "ChessBase"]
[SourceDate "2020.05.31"]
[SourceVersion "1"]
[SourceVersionDate "2020.05.31"]
[SourceQuality "1"]

1. e4 g6 2. d4 Bg7 3. Nf3 d6 4. Nc3 e6 5. Be2 Ne7 6. Be3 a6 7. a4 b6 8. 0-0 Nd7 9. Ne1 0-0 10. f4 c5 11. Bf3 Rb8 12. Qd2 Nc6 13. d5 Nd4 14. dxe6 fxe6 15. Bd1 Bb7 16. Nf3 e5 17. Nd5 Bxd5 18. exd5 Nf5 19. Ng5 exf4 20. Bxf4 Bd4+ 21. Kh1 Ne3 22. Be2 Rxf4 23. Rxf4 Qxg5 24. Rg4 Nxg4 25. Qd1 0-1

[Event "Ankara op 02"]
[Site "Ankara"]
[Date "2020.02.15"]
[Round "4"]
[White "Aral, Demir"]
[Black "Ugur, Cem"]
[Result "1-0"]
[WhiteElo "1436"]
[BlackElo "1703"]
[PlyCount "37"]
[EventDate "2020.02.14"]
[EventType "swiss"]
[EventRounds "7"]
[EventCountry "TUR"]
[SourceTitle "CBM 195 Extra"]
[Source "ChessBase"]
[SourceDate "2020.05.31"]
[SourceVersion "1"]
[SourceVersionDate "2020.05.31"]
[SourceQuality "1"]

1. e4 e5 2. Nf3 Nc6 3. Bb5 a6 4. Bxc6 dxc6 5. 0-0 Bg4 6. h3 h5 7. d3 Qf6 8. Nbd2 0-0-0 9. hxg4 hxg4 10. Nh2 Kb8 11. Qxg4 Rh4 12. Qf5 Qe7 13. Ndf3 Rh8 14. Qxe5 Qd7 15. Qf5 Qe7 16. Bf4 Nf6 17. Bg5 Qb4 18. e5 Rd5 19. c4 1-0

[Event "TUR-chT 2nd League"]
[Site "Konya"]
[Date "2018.07.20"]
[Round "7.17"]
[White "Kabakli, Siar"]
[Black "Ugur, Cem"]
[Result "1/2-1/2"]
[WhiteElo "1738"]
[BlackElo "1589"]
[PlyCount "77"]
[EventDate "2018.07.16"]
[EventType "team-swiss"]
[EventRounds "9"]
[EventCountry "TUR"]
[SourceTitle "EXT 2019"]
[Source "ChessBase"]
[SourceDate "2018.10.10"]
[SourceVersion "1"]
[SourceVersionDate "2018.10.10"]
[SourceQuality "1"]
[WhiteTeam "Serenler Egitim"]
[BlackTeam "Cesme Belediye"]
[WhiteTeamCountry "TUR"]
[BlackTeamCountry "TUR"]

1. e4 e5 2. Nf3 Nf6 3. Nc3 Bb4 4. Bc4 d6 5. d3 c6 6. 0-0 Bg4 7. Qe2 0-0 8. Bb3 Nbd7 9. Nd1 Nc5 10. Ne3 Nxb3 11. axb3 Bh5 12. Nf5 Re8 13. Ng3 Bxf3 14. Qxf3 d5 15. Be3 d4 16. Bg5 Re6 17. Nh5 Be7 18. Nxf6+ Bxf6 19. Bxf6 Rxf6 20. Qe2 a5 21. Qd2 c5 22. f4 Re6 23. fxe5 Rxe5 24. Qf4 f6 25. Qg4 Qe7 26. Rf3 Qe6 27. Qxe6+ Rxe6 28. Rf5 Re5 29. Raf1 Rae8 30. g4 Rxf5 31. Rxf5 Re5 32. Kf2 Rxf5+ 33. gxf5 Kf7 34. Kf3 Ke7 35. Kf4 Kd6 36. h4 b5 37. Kg4 Ke5 38. Kf3 Kd6 39. Kf4 1/2-1/2

[Event "TUR-chT 2nd League"]
[Site "Konya"]
[Date "2018.07.16"]
[Round "1.16"]
[White "Ugur, Cem"]
[Black "Azizoglu, Ayhan"]
[Result "0-1"]
[WhiteElo "1589"]
[BlackElo "1880"]
[PlyCount "96"]
[EventDate "2018.07.16"]
[EventType "team-swiss"]
[EventRounds "9"]
[EventCountry "TUR"]
[SourceTitle "EXT 2019"]
[Source "ChessBase"]
[SourceDate "2018.10.10"]
[SourceVersion "1"]
[SourceVersionDate "2018.10.10"]
[SourceQuality "1"]
[WhiteTeam "Cesme Belediye"]
[BlackTeam "Hayat Genclik"]
[WhiteTeamCountry "TUR"]
[BlackTeamCountry "TUR"]

1. e4 c5 2. Nf3 Nc6 3. Bb5 Nd4 4. Nxd4 cxd4 5. 0-0 a6 6. Bc4 Nf6 7. e5 d5 8. exf6 dxc4 9. fxe7 Bxe7 10. d3 cxd3 11. Qxd3 0-0 12. Nd2 Qd5 13. Nf3 Bf6 14. c4 Bf5 15. cxd5 Bxd3 16. Rd1 Be2 17. Rd2 Bxf3 18. gxf3 Rfd8 19. Rd3 Rxd5 20. Bd2 Rc8 21. a3 g6 22. Kg2 Rc2 23. Rb1 Rb5 24. b4 Re5 25. Kf1 Rh5 26. Kg2 Rf5 27. Rc1 Rxc1 28. Bxc1 a5 29. bxa5 Rxa5 30. Rb3 Rc5 31. Bd2 b5 32. Rd3 Rd5 33. f4 Kf8 34. Kf3 Ke7 35. Ke4 Rh5 36. h3 Ke6 37. Bc1 Be7 38. Kxd4 Rd5+ 39. Ke3 Bc5+ 40. Ke2 Rxd3 41. Kxd3 Bxf2 42. Ke4 f5+ 43. Kd3 Kd5 44. Bd2 Bc5 45. Bc1 Bd6 46. Kc3 Ke4 47. Kb3 Bxf4 48. Bb2 Bg5 0-1